| Tag |
First Indicator |
Second Indicator |
Subfields |
| LEADER |
00000cam a2200000 a 4500 |
| 001 |
in00000091918 |
| 005 |
20151008064052.0 |
| 008 |
750120s1970 mx a b 00110 eng d |
| 035 |
|
|
|a (OCoLC)01145584
|
| 035 |
|
|
|9 AAK3467AM
|
| 040 |
|
|
|c IRU
|d TXA
|d UtOrBLW
|
| 043 |
|
|
|a n-mx---
|
| 049 |
|
|
|a TXAM
|c [1633026]
|
| 090 |
|
|
|a QL722
|b .W75 1973
|
| 100 |
1 |
|
|a Wright, Norman Pelham.
|
| 245 |
1 |
2 |
|a A guide to Mexican mammals & reptiles /
|c by N. Pelham Wright.
|
| 250 |
|
|
|a 3a. ed.
|
| 264 |
|
1 |
|a Mexico :
|b Editorial Minutiae Mexicana,
|c [1970]
|
| 264 |
|
3 |
|c 1973 printing
|
| 264 |
|
4 |
|c ©1970
|
| 300 |
|
|
|a 112 pages :
|b illustrations (some color) ;
|c 17 cm.
|
| 336 |
|
|
|a text
|b txt
|2 rdacontent
|
| 337 |
|
|
|a unmediated
|b n
|2 rdamedia
|
| 338 |
|
|
|a volume
|b nc
|2 rdacarrier
|
| 490 |
1 |
|
|a Minutiae Mexicana series
|
| 500 |
|
|
|a Includes index.
|
| 504 |
|
|
|a Bibliography: page 112.
|
| 650 |
|
0 |
|a Mammals
|z Mexico.
|
| 650 |
|
0 |
|a Reptiles
|z Mexico.
|
| 830 |
|
0 |
|a Minutiae mexicana series.
|
| 999 |
|
|
|a MARS
|
| 999 |
f |
f |
|s fcac7953-08c1-3da7-b109-e268450c9f5c
|i 0b52681e-f795-36e3-954f-a6ddb24dbc11
|t 0
|
| 952 |
f |
f |
|p normal
|a Texas A&M University
|b College Station
|c Sterling C. Evans Library
|d Evans: Library Stacks
|t 0
|e QL722 .W75 1973
|h Library of Congress classification
|i unmediated -- volume
|m A14806221994
|
| 998 |
f |
f |
|a QL722 .W75 1973
|t 0
|l Evans: Library Stacks
|